El control difuso aplicado en el desarrollo de un prototipo de cruceta voladora /

Na minha lista:
Detalhes bibliográficos
Autor principal: Lerma Paz, Carlos Emilio (autor)
Outros Autores: Rodríguez Ayala, David Esaú (autor) (autor)
Formato: Tesis Livro
Idioma:espanhol
Assuntos:
Tags: Adicionar Tag
Sem tags, seja o primeiro a adicionar uma tag!

MARC

LEADER 00000nam^a2200000^a^4500
001 000184487
005 20250521000000.0
009 20260310102116.122
037 |a Acervo ITESO - Biblioteca 
041 |a ESP 
090 |a IEL. 321 
100 |a Lerma Paz, Carlos Emilio  |e (autor) 
245 1 3 |a El control difuso aplicado en el desarrollo de un prototipo de cruceta voladora /  |c C.E. Lerma Paz, D.E. Rodríguez Ayala. 
264 |a Guadalajara, México :  |b edición de autor,  |c 2005 
300 |a 1 disco compacto de computadora 
336 |a datos para computadora  |b cod  |2 rdacontenido 
337 |a computadora  |b c  |2 rdamedio 
338 |a disco de computadora  |b cd  |2 rdasoporte 
502 |a ITESO Tesis de Licenciatura en Ingeniería Electrónica 
649 |a XX 
650 |a Control Neurodifuso 
650 |a Control Automático -  |x Equipo y Aparatos 
650 |a Componentes (Hardware) 
650 |a Lógica Difusa 
650 |a Procesamiento de Señales 
650 |a Métodos de Simulación 
650 |a Sistemas de Telecomunicación 
650 |a Ingeniería Electrónica 
700 |a Rodríguez Ayala, David Esaú  |e (autor) 
910 |a Fondo General 
920 |a Electrónicos - Tesis del ITESO en Disco 
905 |a 202 
901 |a 0500125236  |b IT2  |c STS  |u 20250521 
902 |a https://opac.biblio.iteso.mx/vufind/Record/000184487